<?xml version="1.0" encoding="UTF-8"?>
<record
    xmlns:xsi="http://www.w3.org/2001/XMLSchema-instance"
    xsi:schemaLocation="http://www.loc.gov/MARC21/slim http://www.loc.gov/standards/marcxml/schema/MARC21slim.xsd"
    xmlns="http://www.loc.gov/MARC21/slim">

  <leader>01523    a2200241   4500</leader>
  <controlfield tag="001">55035</controlfield>
  <controlfield tag="005">20260407155826.0</controlfield>
  <controlfield tag="008">260407a1996    arg                 spa d</controlfield>
  <controlfield tag="003">AR-UNSa-BCEJYS</controlfield>
  <datafield tag="040" ind1=" " ind2=" ">
    <subfield code="a">AR-UNSa-BCEJYS</subfield>
    <subfield code="b">spa</subfield>
    <subfield code="c">AR-UNSa-BCEJYS</subfield>
  </datafield>
  <datafield tag="080" ind1=" " ind2=" ">
    <subfield code="a">37.02</subfield>
    <subfield code="x">Cuestiones generales de did&#xE1;ctica y metodolog&#xED;a</subfield>
  </datafield>
  <datafield tag="245" ind1="1" ind2="0">
    <subfield code="a">Aprendizaje y estructuras del conocimiento</subfield>
  </datafield>
  <datafield tag="020" ind1=" " ind2=" ">
    <subfield code="a">84-7112-156-5</subfield>
  </datafield>
  <datafield tag="250" ind1=" " ind2=" ">
    <subfield code="a">2a. ed.</subfield>
  </datafield>
  <datafield tag="264" ind1=" " ind2="1">
    <subfield code="a">Madrid :</subfield>
    <subfield code="b">Ediciones Morata</subfield>
    <subfield code="c">1996</subfield>
  </datafield>
  <datafield tag="300" ind1=" " ind2=" ">
    <subfield code="a">351 p.</subfield>
    <subfield code="c">21 cm.</subfield>
  </datafield>
  <datafield tag="505" ind1=" " ind2=" ">
    <subfield code="a">1. El aprendizaje de las nociones de conservaci&#xF3;n de las cantidades contin&#xFA;as mediante el paso de l&#xED;quidos en un sistema de vasos superpuestos &#x2013; 2. De la correspondencia t&#xE9;rmino a t&#xE9;rmino a la noci&#xF3;n de conservaci&#xF3;n de la cantidad de materia &#x2013; 3. De las equivalencias num&#xE9;ricas a la noci&#xF3;n de conservaci&#xF3;n de la cantidad de materia &#x2013; 4. El aprendizaje verbal referente a la conservaci&#xF3;n de las cantidades contin&#xFA;as &#x2013; 5. Estudio intercultural referente a algunas nociones de conservaci&#xF3;n &#x2013; 6. De la conservaci&#xF3;n de conjuntos discretos de elementos de la conservaci&#xF3;n de la largura &#x2013; 7. El aprendizaje de la cuantificaci&#xF3;n de la inclusi&#xF3;n y su influencia eventual en las nociones de conservaci&#xF3;n &#x2013; 8. El aprendizaje de algunas nociones de conservaci&#xF3;n y su influencia eventual en la cuantificaci&#xF3;n de la inclusi&#xF3;n </subfield>
  </datafield>
  <datafield tag="942" ind1=" " ind2=" ">
    <subfield code="c">BK</subfield>
  </datafield>
  <datafield tag="590" ind1=" " ind2=" ">
    <subfield code="a">niveau_biblio:m niveau_hierar:0</subfield>
  </datafield>
  <datafield tag="100" ind1="1" ind2=" ">
    <subfield code="a">Inhelder, B&#xE4;rbel</subfield>
  </datafield>
  <datafield tag="700" ind1="1" ind2=" ">
    <subfield code="a">Sinclair, Hermine</subfield>
  </datafield>
  <datafield tag="700" ind1="1" ind2=" ">
    <subfield code="a">Bovet, M.</subfield>
  </datafield>
  <datafield tag="999" ind1=" " ind2=" ">
    <subfield code="c">5878</subfield>
    <subfield code="d">5878</subfield>
  </datafield>
  <datafield tag="952" ind1=" " ind2=" ">
    <subfield code="0">0</subfield>
    <subfield code="1">0</subfield>
    <subfield code="4">0</subfield>
    <subfield code="7">0</subfield>
    <subfield code="a">BCEJYS</subfield>
    <subfield code="b">BCEJYS</subfield>
    <subfield code="c">16</subfield>
    <subfield code="d">2026-04-07</subfield>
    <subfield code="l">0</subfield>
    <subfield code="o">37.02 I35</subfield>
    <subfield code="p">L70356</subfield>
    <subfield code="r">2026-04-07 15:58:26</subfield>
    <subfield code="w">2026-04-07</subfield>
    <subfield code="y">L</subfield>
  </datafield>
</record>
